| 000 | 00474cam a2200181ua 4500 | ||
|---|---|---|---|
| 020 | _cRs 4.60 | ||
| 041 |
_amal _h |
||
| 082 |
_a894.812 308 _bOST/HO |
||
| 100 | _aOstrovsky, Nikolai . | ||
| 245 |
_aHow the steel was temperd, Part one / _cNikolai Ostrovsky. _hTextual Documents |
||
| 260 |
_aEranakulam : _bC I C C Book House , _c1962. |
||
| 300 | _a720 ; . | ||
| 365 | _aRs 4.60 | ||
| 504 | _a | ||
| 942 | _cBK | ||
| 999 |
_c4224 _d4224 |
||